| 000 | 00493nam a22001457a 4500 | ||
|---|---|---|---|
| 999 |
_c129867 _d129867 |
||
| 008 | 190920b ||||| |||| 00| 0 eng d | ||
| 050 | _aSPC. DT1.T50 M952 | ||
| 100 |
_aMugari, Albert _948206 |
||
| 245 |
_aA critical assessment of what went wrong with Zimbabwe's contemporary education and the possible solutions _cAlbert Mugari |
||
| 260 |
_aHarare _bArrupe College _c2014 |
||
| 300 |
_avi, 75p. ; _c31cm. |
||
| 500 | _aThesis | ||
| 650 |
_aEducation _zZimbabwe _927081 |
||
| 942 |
_2lcc _cSPC |
||